Normal view MARC view

Entry Personal Name

Number of records used in: 1

001 - CONTROL NUMBER

  • control field: 10554

003 - CONTROL NUMBER IDENTIFIER

  • control field: DLC

005 - DATE AND TIME OF LATEST TRANSACTION

  • control field: 20250530111037.0

008 - FIXED-LENGTH DATA ELEMENTS

  • fixed length control field: 011002n| acannaabn |a aaa

010 ## - LIBRARY OF CONGRESS CONTROL NUMBER

  • LC control number: n 2001092708

040 ## - CATALOGING SOURCE

  • Original cataloging agency: DLC
  • Language of cataloging: eng
  • Transcribing agency: DLC
  • Modifying agency: DLC

100 1# - HEADING--PERSONAL NAME

  • Personal name: Velayudhan, Sanal Kumar,
  • Dates associated with a name: 1955-

400 0# - SEE FROM TRACING--PERSONAL NAME

  • Personal name: Sanal Kumar Velayudhan,
  • Dates associated with a name: 1955-

670 ## - SOURCE DATA FOUND

  • Source citation: Rural marketing, 2002:
  • Information found: CIP t.p. (Sanal Kumar Velayudhan) data sheet (b. 04-22-1955)

Powered by Koha